000 01264nam0a22003011 4500
001 rc\2750798
005 20250612185949.0
035 _a(NLR Aleph) 006877703
090 _a7014322
_c7014322
100 _a20110915d1939 u y0rusy50 ca
101 0 _arus
102 _aRU
105 _aa z |||||
200 1 _aВредители и болезни сельскохозяйственных культур и борьба с ними
_fЯ. Х. Вебер, П. В. Ерофеев, П. М. Орлов, С. Д. Царевский
_gПод ред П. В. Ерофеева
210 _aКуйбышев
_cКуйб. обл. изд-во
_d1939
215 _a172 с.
_cил.
_d21 см.
702 1 _aОрлов
_bП.М.
_4570
702 1 _aЦаревский
_bС.Д.
_4570
702 1 _aЕрофеев
_bП.В.
_gПетр Васильевич
_4570
702 1 _aВебер
_bЯ.Х.
_gЯков Христианович
_4570
801 0 _aRU
_bNLR
_gpsbo
801 1 _aRU
_bELAR
_2rusmarc
852 _aNLR
_j39-3/766
856 4 _tVIEW
_uhttps://webservices.nlr.ru/viewer/file?name=p006877703_002.jpg
_x001
_yСтраница
856 4 1 _tVIEW
_uhttps://webservices.nlr.ru/viewer/file?name=t006877703_001.jpg
_yОбложка
942 _cBOOK
_cBOOK
980 _aNB